000 00268nam a22000977a 4500
008 241204b |||||||| |||| 00| 0 eng d
020 _a9788129151759
100 _aPrabhudesai Devendra
_97615
245 _aWinning Like Sachin
260 _aNew Delhi
_bRupa Publications
_c2018
999 _c12722
_d12722